R v Westminster City Council and others ex p Mount Cook Land Ltd and another (Record no. 73713)
[ view plain ]
| 000 -LEADER | |
|---|---|
| fixed length control field | 01754cam a2200241 4500 |
| 001 - CONTROL NUMBER | |
| control field | ABS67134 |
| 008 - FIXED-LENGTH DATA ELEMENTS--GENERAL INFORMATION | |
| fixed length control field | 031029n2003 000 0 eng u |
| 035 ## - SYSTEM CONTROL NUMBER | |
| System control number | (Sirsi) u124180 |
| 245 ## - TITLE STATEMENT | |
| Title | R v Westminster City Council and others ex p Mount Cook Land Ltd and another |
| Medium | [electronic resource] |
| 260 ## - PUBLICATION, DISTRIBUTION, ETC. | |
| Date of publication, distribution, etc. | 2003 |
| 490 ## - SERIES STATEMENT | |
| Series statement | Estates Gazette |
| Volume/sequential designation | 25 October 2003, 137(1) |
| 490 ## - SERIES STATEMENT | |
| Series statement | Journal of Planning and Environment Law |
| Volume/sequential designation | [2004] JPL 470-497(27) |
| 520 ## - SUMMARY, ETC. | |
| Summary, etc. | [2003] EWCA Civ 1346, 14 October 2003. The appellant (R) was the freeholder of a building in Oxford Street, Lonodn let to a tenant under a 999-year lease. The appellant requested judical review for planning permission given by Westminster City Council to the tenant to make external alterations to the building which included adjustments to the shopfront and additional canopies on the grounds as these would conflict with the appellant's own development plans which had gained the support of local landowners. The appeal was dismissed as the changes proposed by the tenant were not seen to damage the conservation area of which it was a part. In only exceptional circumstances where planning permission had already been granted to make improvements would alternative proposals by another party be considered. Therefore R's proposals were considered to be material considerations and were consequently dismissed. |
| 590 ## - LOCAL NOTE (RLIN) | |
| Local note | ABS |
| 650 ## - SUBJECT ADDED ENTRY--TOPICAL TERM | |
| Topical term or geographic name entry element | LANDLORD AND TENANT |
| 9 (RLIN) | 6252 |
| 650 ## - SUBJECT ADDED ENTRY--TOPICAL TERM | |
| Topical term or geographic name entry element | PLANNING PERMISSION |
| 650 ## - SUBJECT ADDED ENTRY--TOPICAL TERM | |
| Topical term or geographic name entry element | SHOPS |
| 650 ## - SUBJECT ADDED ENTRY--TOPICAL TERM | |
| Topical term or geographic name entry element | ALTERATIONS |
| 650 ## - SUBJECT ADDED ENTRY--TOPICAL TERM | |
| Topical term or geographic name entry element | R V WESTMINSTER CITY COUNCIL AND OTHERS EX P MOUNT COOK LAND LTD |
| 690 ## - LOCAL SUBJECT ADDED ENTRY--TOPICAL TERM (OCLC, RLIN) | |
| Topical term or geographic name as entry element | Refurbishment |
| 9 (RLIN) | 6264 |
| 856 ## - ELECTRONIC LOCATION AND ACCESS | |
| Uniform Resource Identifier | <a href="https://www.bailii.org/ew/cases/EWCA/Civ/2003/1346.html">https://www.bailii.org/ew/cases/EWCA/Civ/2003/1346.html</a> |
| Public note | View judgment at www.bailii.org |
| 942 ## - ADDED ENTRY ELEMENTS (KOHA) | |
| Suppress in OPAC | 0 |
| Withdrawn status | Lost status | Source of classification or shelving scheme | Damaged status | Not for loan | Home library | Current library | Shelving location | Date acquired | Total Checkouts | Full call number | Barcode | Date last seen | Copy number | Price effective from | Koha item type |
|---|---|---|---|---|---|---|---|---|---|---|---|---|---|---|---|
| Dewey Decimal Classification | London | London | Journal article | 29/10/2003 | ABS67134 | 124180-1001 | 06/08/2019 | 1 | 06/08/2019 | Journal article |